000 00650nam a22001937a 4500
005 20260423092216.0
008 260423b |||||||| |||| 00| 0 eng d
020 _a9781646480753
050 _aRT42
_b .W29 2023
100 _a Waddill-Goad, Suzanne,
245 _aBeyond burnout :
_b overcoming stress in nurssing & healthcare for optimal health & well being /
250 _aSecond edition.
260 _aIndianapolis, IN :
_b Sigma,
_c2023
300 _axl, 387 pages :
_b illustrations ;
_c23 cm
500 _aIncludes bibliographical references and index
650 _a Nurses
700 _aSigma Theta Tau International,
942 _2lcc
_cBK
999 _c60395
_d60395